[Event "EU-chT (Men) 11th"]
[Site "Pula"]
[Date "1997.05.??"]
[Round "5.2"]
[White "Sulskis, Sarunas"]
[Black "Smirin, Ilia"]
[Result "0-1"]
[WhiteElo "2525"]
[BlackElo "2575"]
[Annotator "Yudasin,L"]
[PlyCount "88"]
[EventDate "1997.05.05"]
[EventType "team-swiss"]
[EventRounds "9"]
[EventCountry "CRO"]
[SourceTitle "CBM 057 Extra"]
[Source "ChessBase"]
[SourceDate "1997.05.01"]
[SourceVersion "1"]
[SourceVersionDate "1997.05.01"]
[SourceQuality "1"]
[WhiteTeam "Lithuania"]
[BlackTeam "Israel"]
[WhiteTeamCountry "LTU"]
[BlackTeamCountry "ISR"]

1. e4 d6 2. d4 Nf6 3. Nc3 g6 4. Nf3 Bg7 5. Be2 O-O 6. O-O Nc6 7. Be3 (7. d5 $1)
7... Bg4 8. h3 (8. d5 Bxf3 9. Bxf3 Ne5 10. Be2 c6 11. f4 Ned7 12. dxc6 bxc6 13.
Qd3 Qb8 $1 $11 {Malanjuk-Ceskovskij,Kropotkin,1995}) 8... Bxf3 9. Bxf3 e5 10.
dxe5 dxe5 11. Qxd8 $6 (11. Nb5 $5) 11... Rfxd8 12. Rfd1 Nd4 13. Rac1 (13. Bxd4
$6 exd4 14. Nd5 Ne8 $15) 13... c6 (13... Rd7 $5 14. Nb1 $140 Rad8) 14. Nb1 $1
Nd7 $1 15. c3 Nxf3+ 16. gxf3 Nf8 $6 (16... f5 $1 17. Rc2 f4 18. Bc1 Nb6 $1 19.
Rcd2 Rxd2 20. Rxd2 Kf7 $15 {[%cal Gf7e6,Yg7f6,Yf6e7]}) 17. Na3 Ne6 18. Nc4 $11
b6 $8 19. a4 $1 f5 20. b4 Bf6 21. Kg2 Rab8 22. exf5 gxf5 23. Rd6 Rxd6 24. Nxd6
f4 25. Bd2 Rd8 26. Ne4 Kf7 27. Kf1 Ng5 28. Nxg5+ Bxg5 29. Ke2 Kg6 30. b5 $2 (
30. Rc2 $1 $11) 30... cxb5 31. axb5 e4 $1 $15 32. h4 $2 (32. Be1 Rd3 (32...
exf3+ 33. Kxf3 Rd3+ 34. Ke4 Rxh3 35. Bd2 $11) 33. h4 $1 Bxh4 34. fxe4 Rh3 35.
c4 $11) 32... exf3+ $1 33. Kxf3 Rxd2 34. hxg5 Kf5 $1 (34... Kxg5 35. c4 $1 $11
{[%cal Gc4c5]}) 35. Ra1 $2 (35. c4 Rd3+ 36. Ke2 Rb3 37. c5 bxc5 38. Rxc5+ Kg4
39. Rc7 f3+ (39... Rxb5 40. Rxa7) 40. Kd2 Rb2+ 41. Kd3 Rxf2 42. Rxh7 $11) 35...
Rd3+ 36. Ke2 Rd7 37. Rg1 Rg7 38. Rd1 $2 (38. c4 $5 Rd7 $1 (38... Rxg5 $2 39.
Rd1 $11)) 38... Rc7 39. Rd5+ Kg4 $17 40. Kd3 Kf3 $19 41. Rf5 Rc5 42. Rf7 Rxb5
43. c4 Rxg5 44. Rxh7 Kxf2 0-1

[Event "EU-chT (Men) 11th"]
[Site "Pula"]
[Date "1997.05.??"]
[Round "8.3"]
[White "Rytshagov, Mikhail"]
[Black "Mohr, Georg"]
[Result "1-0"]
[WhiteElo "2485"]
[BlackElo "2495"]
[Annotator "Yudasin,L"]
[PlyCount "61"]
[EventDate "1997.05.05"]
[EventType "team-swiss"]
[EventRounds "9"]
[EventCountry "CRO"]
[SourceTitle "CBM 057 Extra"]
[Source "ChessBase"]
[SourceDate "1997.05.01"]
[SourceVersion "1"]
[SourceVersionDate "1997.05.01"]
[SourceQuality "1"]
[WhiteTeam "Estonia"]
[BlackTeam "Slovenia"]
[WhiteTeamCountry "EST"]
[BlackTeamCountry "SLO"]

1. e4 g6 2. d4 Bg7 3. Nf3 d6 4. Be2 Nf6 5. Nc3 O-O 6. O-O Bg4 7. Be3 Nc6 (7...
Nbd7 8. h3 Bxf3 9. Bxf3 e5 10. g3 c6 11. Bg2 Qa5 12. Qd2 Rfe8 13. Rad1 b5 14.
a3 Nb6 15. b3 $16 {Karpov,A-Timman,Tilburg,1982}) 8. d5 (8. Qd3 Nd7 $11) 8...
Bxf3 9. Bxf3 Ne5 10. Be2 c6 11. f4 Ned7 12. dxc6 bxc6 13. Qd3 (13. Bc4 d5 14.
exd5 Nb6 15. Bb3 Nfxd5 $11) 13... Qc7 (13... Qb8 $1 14. a3 Rd8 15. Rad1 Ne8 (
15... Nc5 $5) 16. b3 $14 {Malanjuk-Tseshkovski,Kropotkin,1995}) 14. Rad1 Rfd8
15. Kh1 Ne8 $6 (15... d5 16. e5 (16. exd5 $2 Nxd5 $11) 16... Ne8 17. Na4 e6 $13
) 16. Bc1 {[%cal Gd3h3]} e6 (16... Nc5 $5) 17. Qh3 Nf8 (17... d5 18. f5 $1) 18.
f5 Qe7 19. fxe6 Nxe6 20. Bc4 $14 N8c7 21. Bb3 {[%cal Gb3a4]} Rf8 (21... a6 $5
22. Rf2 (22. Ba4 Nb5) 22... Be5 23. Rdf1 f6 $14) 22. Ba4 Nd4 $8 23. Bf4 Nce6
24. Bg3 Be5 $4 (24... Rad8 $5 {[%cal Ge6c5]}) (24... Nc5 $2 25. Bxc6 $18 {
[%cal Yg3d6]}) 25. Bxe5 dxe5 26. Bxc6 Ng5 27. Nd5 Qc5 28. Qh4 Nxc6 29. Qxg5
Qxc2 30. Rc1 Qe2 31. Qf6 1-0

[Event "ARG-ch"]
[Site "Buenos Aires"]
[Date "1998.04.23"]
[Round "8"]
[White "Zarnicki, Pablo Adrian"]
[Black "Ginzburg, Maximiliano"]
[Result "1/2-1/2"]
[WhiteElo "2515"]
[BlackElo "2470"]
[Annotator "Yudasin,L"]
[PlyCount "70"]
[EventDate "1998.04.15"]
[EventType "tourn"]
[EventRounds "15"]
[EventCountry "ARG"]
[EventCategory "9"]
[SourceTitle "CBM 065"]
[Source "ChessBase"]
[SourceDate "1998.08.06"]
[SourceVersion "1"]
[SourceVersionDate "1998.08.06"]
[SourceQuality "1"]

1. e4 g6 2. d4 Bg7 3. Nc3 d6 4. Nf3 c6 5. Be2 Nf6 (5... Nd7 $5 {/\e5}) 6. O-O
O-O 7. h3 (7. a4 a5 8. Re1 Na6 9. h3 Nb4 10. Bf4) 7... Qc7 (7... Nbd7 8. e5 (8.
Bf4 Nh5 9. Bh2 e5 10. dxe5 dxe5 11. Nd2 Nf4 12. Nc4 $14) 8... Ne8 9. Bf4 Nb6
10. Re1 Nc7 11. exd6 exd6 12. Ne4 d5 $10) 8. a4 Nbd7 (8... a5 9. Bf4 Nh5 10.
Bh2 e5 11. d5 $5) 9. a5 e5 10. dxe5 (10. Re1 exd4 11. Nxd4 Re8 12. Bf1 Nc5 $132
) 10... Nxe5 (10... dxe5 11. Be3 (11. b4 Rd8 12. Bd3 Bf8 13. Rb1 $14) 11... Rd8
12. Nd2 Bf8 13. Qe1 Nc5 $10) 11. Be3 (11. Nxe5 dxe5 12. Be3 Rd8 13. Qc1 Be6 $10
) 11... Re8 12. Nxe5 Rxe5 (12... dxe5 13. Bc4 $14) 13. Bf4 Rxa5 14. Qxd6 (14.
Bxd6 Rxa1 15. Bxc7 Rxd1 16. Rxd1 Be6 $15) 14... Qxd6 15. Bxd6 Rxa1 16. Rxa1 Be6
17. Be5 (17. Bc5 a5 $36 {/\Nd7,b5}) 17... a6 (17... Nd7 18. Bxg7 Kxg7 19. f4 h5
20. f5 gxf5 21. Bxh5 Nf6 22. Bf3 $10) 18. Rd1 (18. f4 Rd8 19. Kf2 h5 20. Ke3 h4
$13) 18... g5 $1 19. h4 g4 $6 (19... h6 $1 20. hxg5 hxg5 21. f3 Nh5 (21... b5
$15 22. Ra1 a5 23. b3 Nd7 24. Bxg7 Kxg7 25. Kf2 $15) 22. Bxg7 Kxg7 23. Na4 Nf4
24. Bf1 Kf6 25. Nc5 Rb8 26. g3 Ng6 27. Kf2 Ke7 28. Ke3 $14) (19... gxh4 20. f4
Bg4 21. Bxg4 Nxg4 22. Bxg7 Kxg7 23. Rd7 $13) 20. f4 gxf3 21. gxf3 Nh5 22. Bxg7
Kxg7 23. Kf2 $10 Kf6 24. Rg1 (24. Ke3 Ke5 25. Rg1 h6 (25... f6 26. Bd3 Rg8 27.
Rxg8 Bxg8 28. Ne2 a5 29. f4+ Kd6 30. Nd4 Ng7 $10) 26. Bd3 Nf4 27. Ne2 Nxe2 28.
Bxe2 Rd8 29. f4+ Kf6 30. f5 Bc8 31. Kf4 $36) 24... h6 25. Ke3 Ke5 26. Bd3 f5 $1
27. exf5 (27. Rg6 Rh8 28. exf5 Bxf5 29. Bxf5 Kxf5 30. Rd6 Nf6 31. Ne4 Nd5+ 32.
Kf2 Rh7 33. c4 Nf4 34. Ke3 Ng2+ 35. Kf2 Nf4 $10) 27... Bxf5 28. Bxf5 Kxf5 29.
Ne4 $10 (29. Rd1 Nf6 30. Ne4 Re8 31. Rd4 c5 32. Rc4 b6 $15) 29... Rd8 30. Ng3+
Nxg3 31. Rxg3 Re8+ 32. Kf2 Rd8 33. Ke3 Re8+ 34. Kf2 Rd8 35. Ke3 Re8+ {Yudasin}
1/2-1/2

[Event "Tan Chin Nam Cup 4th"]
[Site "Beijing"]
[Date "1998.06.12"]
[Round "5"]
[White "Lin, Weiguo"]
[Black "Ye, Jiangchuan"]
[Result "0-1"]
[WhiteElo "2460"]
[BlackElo "2530"]
[Annotator "Yudasin,L"]
[PlyCount "86"]
[EventDate "1998.06.08"]
[EventType "tourn"]
[EventRounds "11"]
[EventCountry "CHN"]
[EventCategory "12"]
[SourceTitle "CBM 066"]
[Source "ChessBase"]
[SourceDate "1998.09.30"]
[SourceVersion "1"]
[SourceVersionDate "1998.09.30"]
[SourceQuality "1"]

1. d4 d6 2. e4 Nf6 3. Nc3 g6 4. Nf3 Bg7 5. Be2 O-O 6. O-O c6 7. a4 Qc7 (7... a5
) 8. Bf4 (8. a5 e5 9. dxe5 dxe5 10. Be3 $14 Ng4 11. Bc5 (11. Bg5 f6 (11... Bh6
12. Qc1 $14) 12. Bd2 $14) 11... Rd8 12. Qe1 Nd7 13. Bb4 Rb8 14. Nd2 Ngf6 15.
Nc4 Bf8 $10) 8... Nbd7 9. Qd2 (9. e5 Nh5 10. Bg5 dxe5 11. Bxe7 Re8 12. Bg5 $10)
9... e5 10. Bh6 (10. dxe5 dxe5 11. Bh6 Nc5 12. Bxg7 Kxg7 13. Qe3 Ne6 $15) 10...
Re8 11. Bxg7 Kxg7 12. Rfd1 (12. dxe5 dxe5 13. a5 $10) 12... a5 13. h3 (13. dxe5
$10) 13... h6 (13... Qb6 14. b3 exd4 15. Qxd4 Qxd4 16. Rxd4 Nc5 17. Bd3 $10)
14. Bf1 Nb6 (14... Qb6 15. dxe5 dxe5 16. b3 Qb4 17. Qe3 Nc5 18. Na2 Qb6 19. Nc3
$10) 15. d5 $2 (15. dxe5 dxe5 $10) (15. Re1 exd4 16. Nxd4 d5 $10) 15... cxd5
16. Nxd5 (16. exd5 Bd7 {/\Qc5,Rc8=/+}) 16... Nbxd5 17. exd5 Bd7 18. c4 Ne4 19.
Qe3 Nc5 20. b3 f5 $36 21. Rab1 Kh7 22. Re1 (22. Ne1 g5 23. Nd3 f4) 22... Rf8
23. Rb2 Rae8 24. Qc3 Rf7 (24... g5) 25. Rbe2 Qb6 26. Rb2 f4 (26... g5 27. Qc2
Kg7 28. Qc3 f4) 27. Kh1 Bf5 $17 28. Nh4 Bd7 29. Nf3 Qd8 30. Kg1 (30. Nd2 e4) (
30. Rbe2 Bf5) 30... Bf5 31. Qc1 g5 $40 32. b4 axb4 33. Rxb4 g4 (33... h5) 34.
hxg4 Bxg4 35. Nd2 (35. Be2 Rg7) 35... e4 36. Nxe4 (36. Nb3 Qh4 37. Nxc5 dxc5
38. Rb6 Re5 39. f3 Bxf3 40. gxf3 Rg5+ 41. Bg2 Rxg2+ 42. Kxg2 Qg3+ 43. Kh1 Qh3+
44. Kg1 Rg7+) 36... Nxe4 37. Bd3 (37. f3 Bxf3 38. gxf3 Rg8+ 39. Bg2 Rxg2+ 40.
Kxg2 Qh4 41. fxe4 Rg7+ 42. Kf1 Qh2) 37... Bf5 38. Qb1 (38. Qxf4 Bg6) 38... Qg5
$1 39. Rxb7 (39. Bxe4 Rxe4 40. Rxe4 Rg7 41. g3 fxg3 42. f3 Qh5 43. Rh4 Qxf3 44.
Qb2 Bd3) 39... Rxb7 40. Qxb7+ Re7 41. Qb1 f3 42. g3 Nxg3 (42... Qg4 $19) 43.
Rxe7+ Kg6 {44.Re6 Kh5 Yudasin} 0-1

[Event "Serbian-ch 29th"]
[Site "Sabac"]
[Date "1998.04.21"]
[Round "2"]
[White "Tosic, Miroslav"]
[Black "Popchev, Milko"]
[Result "1-0"]
[WhiteElo "2505"]
[BlackElo "2455"]
[Annotator "Yudasin,L"]
[PlyCount "65"]
[EventDate "1998.04.20"]
[EventType "tourn"]
[EventRounds "13"]
[EventCountry "YUG"]
[EventCategory "9"]
[SourceTitle "CBM 065"]
[Source "ChessBase"]
[SourceDate "1998.08.06"]
[SourceVersion "1"]
[SourceVersionDate "1998.08.06"]
[SourceQuality "1"]

1. d4 d6 2. e4 Nf6 3. Nc3 c6 4. a4 (4. f4) 4... g6 (4... Qa5 5. Bd2 Qb6 6. Nf3
a5 7. e5 dxe5 8. dxe5 Ng4 9. Qe2 Qxb2 10. Rb1 Qxc2 11. h3 Nh6 12. Nd4 Qg6 13.
g4 $146) 5. h3 Bg7 6. Nf3 O-O 7. Be2 d5 (7... Qc7 8. O-O e5 9. Re1 Re8 10. Bf1
a5) 8. exd5 (8. e5 Ne4 9. Nxe4 dxe4 10. Ng5 c5 11. dxc5 Qxd1+ 12. Kxd1 Bxe5 13.
Nxe4 Bf5 $146) 8... cxd5 9. O-O $10 Nc6 10. Bf4 Ne4 11. Ra3 (11. Nb5 a6 12. Na3
Qb6 13. Rb1 Be6 14. c3 $10) 11... Bf5 (11... Nxc3 12. Rxc3 Qa5 13. Ra3 Bf5 $10)
12. Bb5 Rc8 13. Bxc6 $5 Rxc6 14. Ne5 Rc8 (14... Bxe5 15. Bxe5 Nxc3 16. bxc3 f6
17. Bf4 Qd7 18. Qd2 Rfc8 19. a5 $10) 15. Nxe4 dxe4 $6 (15... Bxe4 16. c3 f6 17.
Ng4 Qd7 18. Re1 Rfe8 19. a5 $10) 16. c3 Be6 17. Re1 Bd5 18. Ng4 f5 $6 (18... b6
19. a5 $13 (19. Bh6 Bxh6 20. Nxh6+ Kg7 21. Ng4 $14)) 19. Ne5 e6 20. Qd2 Bf6 21.
Re3 $1 Bh4 (21... g5 22. Rg3 h6 23. h4 g4 24. Bxh6 Bxh4 25. Bxf8 Bxg3 26. Ng6 {
/\Qh6} Bh4 27. Qh6 Bf6 28. Ne7+ Kf7 29. Nxc8 $18) 22. Rg3 $1 Bxg3 23. fxg3 $146
Bc6 24. Kh2 Rc7 (24... Qd5 25. c4 Qd8 26. b4 $36) 25. c4 Rg7 26. h4 (26. Bh6 g5
(26... a5 $2) 27. Bxg7 Kxg7 28. b4 Be8 29. b5 h6 30. Qb2 Kh7 $16) 26... a5 27.
Bg5 Qb6 28. Bh6 e3 $6 (28... Rd8 29. Bxg7 Kxg7 30. Qg5 Qc7 31. h5 Rxd4 (31...
Re8 32. h6+ (32. hxg6 h6 33. Qe3 $16 {/\Nf7}) 32... Kg8 {/\Qe7}) 32. h6+ Kg8
33. Qf6) 29. Rxe3 Be4 $2 (29... Rd8 30. Bxg7 (30. d5 exd5 (30... Rc7 31. Nxc6
Qxc6 32. Bg5 Rdd7 33. Qe1 $18) 31. Bxg7 Kxg7 32. Nxc6 bxc6 33. Re7+ $18) 30...
Rxd4 $2 31. Qc3 Kxg7 32. Nxc6 bxc6 33. Rxe6 Kf7 34. Rxc6 (34. Qe3 Qc7) (34. Re2
c5 35. b3 Qd6 $132) 34... Rxh4+ 35. gxh4 Qxc6 36. b3 $16) 30. Bxg7 Kxg7 31. Nd7
Qc6 32. Nxf8 Kxf8 33. Qxa5 {/\Qc5 Yudasin} 1-0

[Event "ARG-ch"]
[Site "Buenos Aires"]
[Date "1998.04.27"]
[Round "11"]
[White "Malbran, Guillermo"]
[Black "Dolezal, Cristian"]
[Result "1/2-1/2"]
[WhiteElo "2355"]
[BlackElo "2300"]
[Annotator "Yudasin,L"]
[PlyCount "123"]
[EventDate "1998.04.15"]
[EventType "tourn"]
[EventRounds "15"]
[EventCountry "ARG"]
[EventCategory "9"]
[SourceTitle "CBM 065"]
[Source "ChessBase"]
[SourceDate "1998.08.06"]
[SourceVersion "1"]
[SourceVersionDate "1998.08.06"]
[SourceQuality "1"]

1. e4 d6 2. d4 Nf6 3. Nc3 g6 4. Nf3 Bg7 5. h3 O-O 6. Be3 a6 (6... Nc6 7. Qd2 e5
8. d5 Ne7 9. O-O-O Bd7 {/\c6,/\b5} 10. g4 a6 $13) 7. a4 b6 8. Be2 (8. e5 Nfd7
9. e6 fxe6 10. Ng5 Nf6 11. Bc4 d5 12. Bd3 Nc6 $13) 8... Bb7 9. Nd2 e6 $6 (9...
c5 10. d5 (10. O-O Nbd7 11. Re1 $13) 10... e6 11. Nc4 (11. dxe6 fxe6 12. e5
dxe5 13. O-O Nd5 $17) 11... exd5 (11... Nxe4 12. Nxe4 exd5 13. Bg5 f6 14. Nexd6
Bc6 15. Bf4 Kh8 16. O-O $16) 12. exd5 b5 13. axb5 axb5 14. Rxa8 Bxa8 15. Nxb5
Nxd5 $36) 10. O-O Nc6 $6 (10... c5 11. dxc5 (11. Re1) 11... dxc5 (11... bxc5
12. e5 Nd5 13. Nxd5 exd5 14. exd6 Qxd6 15. Ne4 Qc6 16. Nxc5 d4 17. Nxb7 dxe3
18. Bf3 exf2+ 19. Kh1 $13) 12. Nc4 Nxe4 (12... Nbd7 $13 13. Nd6 Bc6) 13. Nxe4
Bxe4 14. Qxd8 Rxd8 15. Nxb6 Ra7 16. Bxc5 Rc7 17. Rad1 Rxd1 18. Rxd1 Rxc5 19.
Rd8+ Bf8 20. Rxb8 Rxc2 21. Bxa6 Rxb2 22. Nd7 Rxb8 23. Nxb8 $10) 11. f4 Nd7 12.
Nb3 Nb4 13. Bf3 $14 Qe7 (13... c5 14. Rf2 Rc8 $132) 14. Qd2 f5 (14... c5 15.
Rad1) 15. e5 Bxf3 16. Rxf3 Rfd8 17. Qe2 c5 18. Rd1 (18. exd6 Qxd6 19. Rd1 Qc6
20. Bf2 (20. dxc5 Nxc5 21. Nd4 Qb7 22. Bf2 $13) 20... c4 21. Nd2 Nxc2 (21... b5
$15) 22. Nxc4 Nb4 $13) 18... c4 $2 (18... cxd4 19. exd6 Qxd6 20. Bxd4 $16) 19.
Qxc4 Nxc2 20. Nd5 $1 exd5 21. Qxc2 Rac8 22. Qd3 Rc4 23. Ra1 $1 (23. a5 $36 {
/\Nd2/\Bf2}) 23... Qe6 24. Nd2 Rc6 25. Rff1 (25. Qxa6 $1 dxe5 26. fxe5 b5 27.
Qa5 Rb8 28. axb5 Rcb6 $132) 25... Bf8 $6 (25... a5) 26. Rfc1 $2 (26. Qxa6 dxe5
(26... Rc2 27. Qb5 Rdc8 28. Rad1 $16) 27. fxe5 b5 28. Qxb5 Rb6 29. Qd3 Rxb2 30.
Rfb1 $16) 26... dxe5 27. fxe5 Be7 $2 (27... a5 28. Nf3 h6 $2 (28... Rdc8 29.
Ng5 (29. Rd1 Rc2 30. Qb3 $13) 29... Rxc1+ 30. Rxc1 (30. Bxc1 Qc6 31. Bd2 Qc4)
30... Rxc1+ 31. Bxc1 Qc6 $13) 29. Rxc6 Qxc6 30. Rc1 Qxa4 31. g4 $40) 28. Nf3
Nf8 $2 (28... a5) 29. Rc3 $2 (29. Qxa6 $16) 29... Rxc3 30. Qxc3 (30. bxc3 Rc8 {
/\Rc4}) 30... Rc8 31. Qd3 a5 32. b3 $10 Qd7 33. Rc1 Rxc1+ 34. Bxc1 Qc6 35. Bd2
Ne6 36. Qc3 $6 (36. Kf2 $10) 36... Qxc3 37. Bxc3 Kf7 $10 38. Bd2 $6 (38. Kf2 g5
39. g4 Kg6 40. Bd2 h5 41. Kg3 h4+ 42. Kf2 fxg4 43. hxg4 $10) (38. h4 h6 39. Kf2
g5 40. hxg5 hxg5 41. g4 Kg6 42. Nh2 Bb4 43. Bb2 Bd2 44. Kf3 Bf4 45. Nf1 $15)
38... g5 $1 39. g4 $1 Kg6 40. Kf2 h5 41. Kg3 Ba3 $1 42. Bc3 $8 Bc1 43. Ng1 Nf4
{/\Be3} 44. Kf3 Nxh3 (44... fxg4+ 45. hxg4 h4 46. Ne2 h3 47. Nxf4+ (47. Ng3 {
/\Nh1-f2=}) 47... gxf4 $17) 45. gxh5+ Kxh5 46. Nxh3 g4+ 47. Kg3 gxh3 48. Kxh3
f4 49. b4 axb4 50. Bxb4 Bb2 51. e6 Kg6 52. Kg4 Bxd4 53. Kxf4 $10 Bb2 54. Bd6
Kf6 55. e7 Kf7 56. Kf5 Bc3 57. Ba3 Ke8 58. Bd6 Kd7 59. Kg6 Ke8 60. Kf5 Kf7 61.
Ba3 Bd4 62. Bb4 {Yudasin} 1/2-1/2

[Event "RUS-Cup06"]
[Site "Nizhnij Novgorod"]
[Date "1998.07.03"]
[Round "5"]
[White "Yagupov, Igor"]
[Black "Irzhanov, Ruslan"]
[Result "1/2-1/2"]
[WhiteElo "2450"]
[BlackElo "2535"]
[Annotator "Yudasin,L"]
[PlyCount "89"]
[EventDate "1998.06.29"]
[EventType "swiss"]
[EventRounds "9"]
[EventCountry "RUS"]
[SourceTitle "EXT 2000"]
[Source "ChessBase"]
[SourceDate "1999.11.16"]
[SourceVersion "1"]
[SourceVersionDate "1999.11.16"]
[SourceQuality "1"]

1. e4 g6 2. d4 Bg7 3. Nc3 d6 4. Nf3 Nf6 5. Be3 c6 (5... Bg4) (5... Ng4 6. Bg5
f6 (6... h6 7. Bh4 g5 8. Bg3 Nf6 9. h3) 7. Bh4 e5 8. dxe5 Nxe5 9. Nxe5 dxe5 10.
Qxd8+ Kxd8 11. Rd1+ Nd7 12. Nd5 g5 13. Bg3 c6 14. Ne3 Kc7 15. h4 $16) 6. Qd2 (
6. a4 $5) 6... b5 7. Bd3 O-O (7... Ng4 8. Bg5 f6 9. Bh4 e5 10. h3 exd4 11. Nxb5
$16) (7... Bg4 8. O-O-O Bxf3 9. gxf3 Nbd7 10. f4) 8. Bh6 Bg4 9. Bxg7 Kxg7 10.
Ng5 $1 (10. O-O-O e5 {/\Bf3,Nh5}) 10... e5 11. dxe5 dxe5 12. h3 Bc8 13. a4 $1
b4 14. Ne2 c5 $6 (14... a5 $10 {/\Ba6}) 15. Qe3 Qe7 16. O-O Nc6 17. c3 Bb7 (
17... a5 $5 18. Bb5 Bb7 19. Rac1 Rac8 20. cxb4 cxb4 (20... Nxb4 21. Nc3 c4 $13)
21. Qb6) (17... Na5 18. cxb4 cxb4 19. Rac1) 18. a5 $1 a6 (18... Rac8 19. a6 Ba8
20. Ng3 h6 21. Nf3 Rfd8 $14) 19. Ng3 h6 20. Nf3 Ne8 (20... Rfd8 21. Nh4 (21.
Bc4 $14) 21... Kh7) 21. Nd2 (21. Bc4 $5 Nc7 22. Bd5 Nb5 23. Rfc1 bxc3 24. bxc3
Rab8 $14) 21... Nc7 22. Nb3 (22. Nc4 Rad8 23. Nb6 $2 (23. Rfd1 Nb5 24. Rac1 $14
) 23... Qd6 24. Rfd1 Nxa5 25. Rxa5 Qxb6 26. Qxc5 Qxc5 27. Rxc5 Ne6 28. Rxe5
bxc3 29. bxc3 Rd6 30. Be2 Rxd1+ 31. Bxd1 Rc8 32. Ne2 Nc5 33. f3 $2 Kf6) 22...
Ne6 23. Bc4 Ncd8 $8 24. Rfd1 Rc8 $14 25. Qd3 bxc3 26. bxc3 h5 $1 (26... Rc7 27.
Qd6) 27. Qd7 (27. Bxa6 $2 Nf4 $2 (27... c4 $1 28. Bxc4 Nf4 29. Qf1 h4 30. Nh1 (
30. Ne2 Rxc4 (30... Nxh3+ 31. gxh3 Rxc4 32. f3 Ba6 33. Qf2 Ne6 $17) 31. Nxf4
Rxc3 32. Rd3 Ba6 33. Nd5 Qd6 $15) 30... Qg5 {/\Rc4,Nh3} 31. Kh2 Bxe4 32. f3)
28. Qf1 h4 (28... Qg5 29. Bxb7 Nxb7 30. Kh2) 29. Bxb7 Nxb7 30. Ne2 $16) 27...
Qf6 (27... Qg5 $4 28. Bxe6 h4 29. Nf1 Bxe4 30. Bg4 Ne6 31. Ne3 Nf4 32. Nd2) 28.
Rd6 (28. Nd2 h4 29. Ngf1 Nf4 (29... Rc7 30. Qd6 Rc6 31. Qd3 Nf4 32. Qf3 Qg5 $36
) 30. Rab1 Qg5 31. Ne3) 28... Rb8 $1 (28... Rc7 29. Qxc7) (28... h4 29. Bxe6
hxg3 30. fxg3 Nxe6 31. Qxb7 Rb8 32. Qd5) 29. Nd2 h4 30. Ngf1 Bc8 31. Qa7 (31.
Qa4 Qe7 (31... Ra8) 32. Rb6 Rxb6 (32... Ra8 33. Bd5 Ra7 $13) 33. axb6 Qd6 34.
Rb1 $16) 31... Rb7 32. Qxa6 Ra7 {reat32...Rc7} 33. Qb6 Rb7 34. Qa6 Rd7 35. Qxc8
(35. Qb6 Rb7 36. Qa6 $10) 35... Rxd6 36. a6 Nc6 37. Qb7 Nf4 38. Nf3 (38. a7 Qg5
(38... Nxa7 39. Rxa7 Qg5 40. Ne3 Nxh3+ 41. Kh2 (41. Kf1 Rxd2 42. gxh3 Qf4 43.
Ng4 Qf3)) 39. Ne3 Nxh3+ 40. Kh2 Nxf2 41. a8=Q Qg3+ 42. Kg1 Nh3+ 43. Kh1 Nf2+
$10) 38... Nxh3+ 39. gxh3 (39. Kh2 Nxf2 40. a7 Nxa7 41. Rxa7 Qf4+ 42. Kg1 Nxe4
$19) 39... Qxf3 40. a7 Rf6 41. a8=Q (41. Ra2 Nxa7 42. Qxa7 Qxe4 (42... Qxh3 43.
Nh2 Rd8 44. Qxc5 Rd1+ 45. Bf1 $13 Qe6 46. Ra5) 43. Ne3 (43. Qxc5 Rc6 44. Bd5
Rxc5 45. Bxe4 Rxc3 $17) 43... Rd8 44. Qxc5 Rfd6) 41... Rxa8 (41... Qxf2+ 42.
Kh1 Rf3 (42... Qf3+ 43. Kh2 $10) 43. Qxf8+ Kxf8 44. Qc8+) 42. Rxa8 Qxf2+ 43.
Kh1 Qf3+ 44. Kg1 Qxc3 (44... Qf2+ $10) (44... Qxh3 45. Qc8 $16) 45. Qc8 {
45...Qd4 46.Kh1 Qe4 47.Kg1 Kh6 48.Qh8 Kg5 49.Ra2 Rf3 50.Rg2 Kf5 51.Be2~~, 47...
Qd4 Yudasin} 1/2-1/2